| 000 | 00700nam a2200217 i 4500 | ||
|---|---|---|---|
| 001 | 146639 | ||
| 003 | ES-MaACL | ||
| 005 | 20250824225602.0 | ||
| 007 | t| | ||
| 008 | 070913s1956 sp ||||1| spa d | ||
| 100 | 1 |
_aToynbee, Arnold Joseph. _9111194 |
|
| 245 | 1 | 3 |
_aLa Postguerra / _cArnold Joseph Toynbee ; [traducción directa del inglés por Ramón Ballester Escalas]. |
| 250 | _a[1ª ed.]. | ||
| 260 |
_aBarcelona : _bA.H.R., _c[1956] |
||
| 300 |
_a604 p. : _b21 cm. |
||
| 490 | 1 | _aLibros que hacen historia | |
| 700 | 1 |
_aBallester Escalas, R. _925014 |
|
| 830 | 0 | 0 |
_aLibros que hacen historia (AHR) _9182055 |
| 852 |
_aES-MaACL _jC-11568 _bR.39735 |
||
| 999 |
_c146639 _d146639 |
||